000 00365cam a22001217a 4500
008 180718b1974 xxu||||| |||| 00| 0 eng d
082 _aL212x54 N155
100 _aNanjundappa, D.M.
245 _aInter-governmental financial relations in India
_cby D.M. Nanjundappa
260 _aDelhi
_bSterling
_c1974
300 _a132p.
650 _aFederal state relations - India
999 _c349676
_d349676